Datum a čas kvízu
37.5
Celkem bodů
Celkový počet nahraných bodů na tomto kvízu bez doplňovacích otázek.
3.
Pořadí na kvízu
Konečné umístění týmu na tomto kvízu.
Zaznamenané odpovědi
| # | Otázka | Odpověď | Body | Výsledky |
|---|---|---|---|---|
| 1. | Bývalý starosta pražských Řepo... | (Vazební) věznice Pankrác | 1 | |
| 2. | Donald Trump v pátek, na Den n... | Velký krásný zákon (Big Beautiful Bill) | 1 | |
| 3. | Minulý týden proběhl v Ostravě... | Beats for Love | 1 | |
| 4. | Minulý týden jsme se dozvěděli... | za Sandru Bullock | 1 | |
| 5. | 57letý bývalý tenista, trojnás... | Boris Becker | 1 | |
| 6. | V tomto tématu se budeme zabýv... | Pilsner Urquell | 1 | |
| 7. | V reklamách společnosti Tipspo... | stačí jen začít | 0 | |
| 8. | Pro kterou firmu vyrábějící tu... | Fruko-Schulz | 0 | |
| 9. | Pro kterou módní značku se Raf... | Tommy Hilfiger | 0 | |
| 10. | Ne vždy sportovci produktům, n... | Coca-Cola | 1 |